| 000 | 00780nam a2200217Ia 4500 | ||
|---|---|---|---|
| 003 | OSt | ||
| 005 | 20230410142727.0 | ||
| 008 | 210423s2007 xx 000 0 und d | ||
| 020 | _a978-0-470-05124-5 | ||
| 040 | _cAL | ||
| 041 | _aeng | ||
| 082 |
_a659.132 _223 _bSUGA |
||
| 100 |
_aSUGARMAN (Joseph) _985371 |
||
| 245 | _aAdweek copywriting handbook: the ultimate guide to writing powerful advertising and marketing copy from one of Americas top copywriters | ||
| 260 |
_aNew Jersey _bJohn Wiley & Sons _c2007 |
||
| 300 |
_axix,338 _bPB |
||
| 365 |
_b1370 _cINR |
||
| 650 |
_aAdvertising _985372 |
||
| 906 | _aadvertising ; Adweek ; Americas ; copy ; copywriters ; copywriting ; guide ; handbook: ; marketing ; one ; powerful ; top ; ultimate ; writing | ||
| 942 |
_2ddc _cBK |
||
| 999 |
_c169511 _d169511 |
||